[Event "AUTO-OPEN-4586"]
[Site "http://www.queenalice.com/game.php?id=1855131"]
[Date "2025.4.6"]
[Round "1"]
[White "josebaron"]
[Black "SGF"]
[Result "1-0"]
[WhiteElo "2215"]
[BlackElo "1837"]

1. e4 e5 2. Nf3 Qf6 3. Nc3 c6 4. Bc4 b5 5. Bb3 d6 6. h3 Be7 7. a4 b4 8. Ne2 Qg6
9. Ng3 h5 10. d3 a5 11. c4 bxc3 12. bxc3 h4 13. Nf5 Bxf5 14. exf5 Qxg2 15. Rg1
Qxh3 16. Bg5 Qxf5 17. Bxe7 Nxe7 18. Rxg7 Nd5 19. Bxd5 cxd5 20. Qb3 Qxf3 21. Qb7
Kf8 22. Rg1 Rg8 23. Qc8+ Ke7 24. Qxg8 Qxd3 25. Qg5+ f6 26. Qg7+ Ke6 27. Qg8+ Kf5
28. Qg4# 1-0

[Event "AUTO-OPEN-4586"]
[Site "http://www.queenalice.com/game.php?id=1855132"]
[Date "2025.4.6"]
[Round "1"]
[White "SGF"]
[Black "josebaron"]
[Result "0-1"]
[WhiteElo "1851"]
[BlackElo "2166"]

1. e4 e5 2. Qf3 Nc6 3. c3 Nf6 4. d3 Be7 5. Qg3 Nh5 6. Qg4 g6 7. Qe2 d6 8. h3 O-O
9. g4 Nf4 10. Bxf4 exf4 11. Bg2 Re8 12. Nf3 Ne5 13. Nxe5 dxe5 14. h4 Bxh4 15.
O-O c5 16. Nd2 b5 17. Nb3 Qb6 18. Nd2 a5 19. b3 a4 20. b4 cxb4 21. cxb4 a3 22.
Nb3 Ra4 23. Qd2 Be7 24. Nc5 Bxc5 25. bxc5 Qxc5 26. Rac1 Qd4 27. Qc3 Bxg4 28.
Qxd4 Rxd4 29. f3 Be6 30. Rc2 Rxd3 31. Rb1 Red8 32. Rxb5 Rd2 33. Rxd2 Rxd2 34.
Rxe5 Rxa2 35. Ra5 Ra1+ 36. Kh2 a2 37. Bh3 Bxh3 38. Kxh3 Rh1+ 39. Kg2 a1=Q 40.
Rxa1 Rxa1 41. Kh3 Rg1 42. e5 Rg3+ 43. Kh2 Rxf3 44. Kg2 Re3 45. Kf2 g5 46. Kg2 g4
47. Kf2 h5 48. e6 h4 49. exf7+ Kxf7 50. Kf1 f3 51. Kg1 g3 52. Kf1 h3 53. Kg1
Re1# 0-1

[Event "AUTO-OPEN-4586"]
[Site "http://www.queenalice.com/game.php?id=1855151"]
[Date "2025.4.6"]
[Round "1"]
[White "Tonto"]
[Black "SGF"]
[Result "1-0"]
[WhiteElo "2050"]
[BlackElo "1835"]

1. e4 e5 2. Nf3 Qf6 3. Nc3 c6 4. b3 d6 5. Bb2 Bg4 6. Be2 a6 7. h3 Bxf3 8. Bxf3
Ne7 9. Ne2 h5 10. Ng3 h4 11. Ne2 g5 12. d4 b5 13. Qd2 a5 14. O-O-O g4 15. dxe5
Qe6 16. Bxg4 Qh6 17. f4 d5 18. exd5 Nxd5 19. Rhe1 Bb4 20. c3 Bc5 21. Kb1 Be3 22.
Qd3 Bxf4 23. c4 bxc4 24. bxc4 Qg6 25. Bf5 Qxg2 26. Nxf4 Qg3 27. Qxg3 hxg3 28.
cxd5 c5 29. e6 Ke7 30. Bxh8 fxe6 31. Rxe6+ Kf7 32. Rde1 Nd7 33. Re7+ Kg8 34. Ng6
Nf8 35. Rg7# 1-0

[Event "AUTO-OPEN-4586"]
[Site "http://www.queenalice.com/game.php?id=1855152"]
[Date "2025.4.6"]
[Round "1"]
[White "SGF"]
[Black "Tonto"]
[Result "0-1"]
[WhiteElo "1848"]
[BlackElo "2058"]

1. e4 e5 2. Qf3 Nf6 3. d3 Be7 4. Be2 Nc6 5. c3 O-O 6. Qg3 Kh8 7. h4 d5 8. Bg5 d4
9. Bxf6 Bxf6 10. h5 h6 11. Bg4 Bg5 12. Bxc8 Qxc8 13. a3 Qe6 14. Nf3 Bf4 15. Qh3
Qb3 16. Nbd2 Qxb2 17. O-O Bxd2 18. Nxd2 Qxd2 19. c4 Qg5 20. g4 Na5 21. Rab1 c5
22. f3 Qe3+ 23. Rf2 Qxd3 24. Qf1 Qxa3 25. Ra1 Qb4 26. Kg2 Nxc4 27. Rb1 Ne3+ 28.
Kg3 Nxf1+ 29. Rfxf1 Qc4 30. Rfc1 Qe6 31. Rxc5 b6 32. Rd5 Rfd8 33. Rbb5 a6 34.
Rb3 Rxd5 35. exd5 Qxd5 36. Rxb6 a5 37. Kh4 Qd8+ 38. Kg3 Qxb6 39. Kh3 d3 40. Kh4
d2 41. g5 Qd4+ 42. Kg3 Qf4+ 43. Kf2 Qxg5 44. Ke2 Rd8 45. f4 Qxh5+ 46. Ke3 exf4+
47. Kxf4 Re8 48. Kg3 Re4 49. Kf2 Qh3 50. Kg1 Qf3 51. Kh2 Re2+ 52. Kg1 Qg2# 0-1

[Event "AUTO-INT-3926"]
[Site "http://www.queenalice.com/game.php?id=1855217"]
[Date "2025.4.9"]
[Round "1"]
[White "renet54"]
[Black "SGF"]
[Result "0-1"]
[WhiteElo "1670"]
[BlackElo "1884"]

1. d4 e6 2. Nf3 Qf6 3. Bg5 Qf5 4. e3 h6 5. Bh4 g5 6. Bd3 Qa5+ 7. c3 gxh4 8. Nxh4
Be7 9. Qg4 Bxh4 10. Qxh4 Qg5 11. Qxg5 hxg5 12. Nd2 d5 13. O-O a6 14. Rae1 b5 15.
e4 dxe4 16. Rxe4 f5 17. Re5 Nc6 18. Re3 Nge7 19. Rfe1 g4 20. Nb3 b4 21. cxb4
Nxb4 22. Bc4 Nc2 23. R1e2 Nxe3 24. Rxe3 a5 25. Nc5 O-O 26. Bxe6+ Bxe6 27. Nxe6
Rf7 28. Nxc7 Rc8 29. Rc3 Nd5 30. g3 Nxc3 31. bxc3 Rcxc7 0-1

[Event "AUTO-INT-3926"]
[Site "http://www.queenalice.com/game.php?id=1855218"]
[Date "2025.4.9"]
[Round "1"]
[White "SGF"]
[Black "renet54"]
[Result "1-0"]
[WhiteElo "1891"]
[BlackElo "1663"]

1. e4 e5 2. Qf3 Nc6 3. c3 Nf6 4. d3 Bc5 5. b4 Bb6 6. Bg5 O-O 7. Be2 d6 8. a4 a6
9. Qg3 Be6 10. Bh6 Nh5 11. Bxh5 Qf6 12. Bg5 Bxf2+ 13. Qxf2 Qxf2+ 14. Kxf2 f6 15.
Be3 f5 16. exf5 Rxf5+ 17. Nf3 Bd5 18. Bg4 Raf8 19. Bxf5 Rxf5 20. b5 Ne7 21. c4
Bxf3 22. gxf3 g6 23. Nc3 Rf6 24. Bg5 Rf7 25. Bxe7 Rxe7 26. Nd5 Re6 27. Nxc7 Rf6
28. Nd5 Rf7 29. b6 a5 30. Rab1 h5 31. h4 g5 32. hxg5 Rg7 33. g6 Rxg6 34. Ne7+
1-0

[Event "AUTO-INT-3926"]
[Site "http://www.queenalice.com/game.php?id=1855237"]
[Date "2025.4.9"]
[Round "1"]
[White "SGF"]
[Black "game"]
[Result "1-0"]
[WhiteElo "1828"]
[BlackElo "1526"]

1. e4 e5 2. Qf3 Nf6 3. d3 c5 4. Be2 d5 5. Qg3 dxe4 6. Qxe5+ Be7 7. dxe4 O-O 8.
c4 Re8 9. Bg5 Qa5+ 10. Nc3 Qb6 11. Nd5 Nxd5 12. exd5 Qa5+ 13. Bd2 Qb6 14. Bc3
Bf6 15. Qxe8# 1-0

[Event "AUTO-INT-3926"]
[Site "http://www.queenalice.com/game.php?id=1855238"]
[Date "2025.4.9"]
[Round "1"]
[White "game"]
[Black "SGF"]
[Result "0-1"]
[WhiteElo "1525"]
[BlackElo "1848"]

1. e4 e5 2. Nf3 Qf6 3. d4 d6 4. c3 h6 5. Bb5+ c6 6. Bc4 b5 7. dxe5 dxe5 8. Be2
a5 9. O-O Be7 10. b4 axb4 11. Bb2 bxc3 12. Bxc3 b4 13. Bxe5 Qg6 14. Nh4 Bxh4 15.
Bh5 Qg5 16. Bf3 Qxe5 17. Nd2 Ba6 18. Re1 Ne7 19. g3 Bf6 20. Rb1 c5 21. Rc1 Nd7
22. Nc4 Bxc4 23. Rxc4 Rxa2 24. Bg4 Qc7 25. Qf3 Ne5 26. Qf4 Bg5 27. Bd7+ Kxd7 28.
Rd1+ Ke8 29. Rdc1 Bxf4 30. gxf4 Nxc4 31. Rxc4 Qxf4 32. Rxc5 Qxf2+ 0-1

[Event "AUTO-ADV-4858"]
[Site "http://www.queenalice.com/game.php?id=1855303"]
[Date "2025.4.10"]
[Round "1"]
[White "SGF"]
[Black "MMA34"]
[Result "0-1"]
[WhiteElo "1876"]
[BlackElo "1927"]

1. e4 c5 2. Qf3 d6 3. Bc4 Nf6 4. d3 Bg4 5. Qg3 g6 6. h3 Bd7 7. a4 Nc6 8. c3 Bg7
9. Bg5 h6 10. Be3 Ne5 11. Nd2 a6 12. a5 Bb5 13. Bf4 Nh5 14. Qe3 Nxf4 15. Qxf4
Bxc4 16. Kd1 Bxd3 17. Ngf3 Bc4 18. Nxc4 Nxc4 19. Rb1 Nxa5 20. h4 Qd7 21. Ke2 Nc6
22. g4 Ne5 23. g5 Nxf3 24. Qxf3 h5 25. Qh3 Qxh3 26. Rxh3 O-O-O 27. c4 Bd4 28. f3
Kc7 29. b3 a5 30. f4 e5 31. fxe5 dxe5 32. Rf1 Rhf8 33. Rd3 Rd6 34. Rdf3 Rd7 35.
Rd1 Rd6 36. Rf6 Rxf6 37. gxf6 Re8 38. Rf1 Rd8 39. Rf3 Bb2 40. Rd3 Rxd3 41. Kxd3
Kd6 42. Kc2 Bd4 43. Kb1 Ke6 44. Ka2 Kxf6 45. Ka3 Bc3 46. Ka4 g5 47. hxg5+ Kxg5
48. Kb5 Bb4 49. Kb6 Kf4 50. Kxb7 Kxe4 51. Kb6 h4 52. Kc6 f5 53. Kd6 h3 54. Ke6
h2 55. Kf6 h1=Q 56. Kg5 Qg2+ 57. Kf6 f4 58. Ke6 Qg6+ 59. Kd7 f3 60. Kc7 f2 61.
Kb7 f1=Q 62. Ka7 Qff7+ 63. Kb8 Qgg8# 0-1

[Event "AUTO-ADV-4858"]
[Site "http://www.queenalice.com/game.php?id=1855304"]
[Date "2025.4.10"]
[Round "1"]
[White "MMA34"]
[Black "SGF"]
[Result "1-0"]
[WhiteElo "1944"]
[BlackElo "1861"]

1. e4 e5 2. Nf3 Qf6 3. d4 d6 4. h3 Be7 5. d5 h6 6. Be3 Qg6 7. Qd3 a6 8. Nbd2 Bd7
9. Qc3 Bd8 10. g4 Nf6 11. Nh4 Nxe4 12. Nxg6 Nxc3 13. Nxh8 Nxd5 14. Bg2 Nb4 15.
Kd1 Bc6 16. Rg1 Bxg2 17. Rxg2 Bf6 18. a3 N4c6 19. Ke2 g5 20. Nxf7 Kxf7 21. c3
Nd7 22. Rd1 b5 23. Ne4 a5 24. Nxf6 Nxf6 25. f3 b4 26. c4 bxa3 27. bxa3 a4 28.
Rb1 Ke7 29. Kf1 Na5 30. Rc2 c5 31. Bd2 Nb3 32. Be3 Rb8 33. Kg2 e4 34. f4 gxf4
35. Bxf4 h5 36. g5 Ng8 37. Re1 Nd4 38. Rxe4+ Kd7 39. Ra2 Rb3 40. Re3 Rxe3 41.
Bxe3 Nf5 42. Bc1 Ke7 43. Rb2 Ke6 44. Rb8 Nfe7 45. Ra8 Kf5 46. Rxa4 Nc6 47. Kg3
Nd4 48. Bd2 h4+ 49. Kf2 Nb3 50. Be3 Ne7 51. Ra8 Kg6 52. Bf4 Nf5 53. a4 Nbd4 54.
a5 Ne6 55. Kf3 Nfd4+ 56. Ke4 Nxf4 57. Kxf4 Ne6+ 58. Kg4 Nxg5 59. Kxh4 Nf3+ 60.
Kg4 Ne5+ 61. Kf4 Nxc4 62. a6 Nb6 63. Rd8 Nc4 64. a7 Kf6 65. a8=Q Nb6 66. Rxd6+
Ke7 67. Qd8+ Kf7 68. Qxb6 Ke7 69. Qc7+ Ke8 70. Rd8# 1-0

[Event "AUTO-OPEN-4587"]
[Site "http://www.queenalice.com/game.php?id=1855371"]
[Date "2025.4.11"]
[Round "1"]
[White "Capixaba789"]
[Black "SGF"]
[Result "1-0"]
[WhiteElo "1838"]
[BlackElo "1898"]

1. e4 e5 2. Bc4 Qf6 3. Nc3 c6 4. Nf3 d6 5. d3 b5 6. Bb3 a5 7. a4 b4 8. Ne2 Bg4
9. Ng3 h5 10. Qe2 Bxf3 11. gxf3 h4 12. Nf5 g6 13. Ne3 h3 14. Bd2 Qg5 15. O-O-O
Bh6 16. Nd5 Qd8 17. Bxh6 Rxh6 18. Ne3 Ne7 19. Ng4 Rh8 20. Nf6+ Kf8 21. Rdg1 c5
22. Nd5 Nxd5 23. Bxd5 Ra7 24. b3 Nd7 25. Qe3 Nb6 26. Bc6 Qc7 27. Bb5 Qd8 28. f4
Re7 29. f5 gxf5 30. exf5 f6 31. Qg3 Qc8 32. Qg6 Nd5 33. Bc4 Qc6 34. Qg3 Nf4 35.
Qg8+ Rxg8 36. Rxg8# 1-0

[Event "AUTO-OPEN-4587"]
[Site "http://www.queenalice.com/game.php?id=1855372"]
[Date "2025.4.11"]
[Round "1"]
[White "SGF"]
[Black "Capixaba789"]
[Result "0-1"]
[WhiteElo "1894"]
[BlackElo "1840"]

1. e4 e5 2. Qf3 Nc6 3. c3 d6 4. Be2 Be6 5. d3 h5 6. Qg3 Nf6 7. h4 Qd7 8. Bg5
O-O-O 9. b4 Re8 10. a4 d5 11. Nd2 Kb8 12. a5 dxe4 13. Bxf6 gxf6 14. dxe4 Rd8 15.
Ngf3 Bg4 16. a6 Nxb4 17. cxb4 Bxb4 18. O-O Bxd2 19. Rfd1 Qe6 20. Rxd2 Rxd2 21.
Nxd2 Bxe2 22. Rb1 Bxa6 23. Qa3 Rg8 24. Nb3 Qg4 25. g3 Qxh4 26. Qb4 Qg4 27. Nc5
Qe2 28. Nxa6+ Qxa6 29. Qe7 Qd6 30. Qxf7 Qf8 31. Qxh5 Rh8 32. Qe2 Qh6 33. Qf3
Qh2+ 34. Kf1 Qh1+ 35. Qxh1 Rxh1+ 36. Ke2 Rxb1 37. Ke3 a5 38. f4 exf4+ 39. gxf4
Kc8 40. f5 a4 41. Kd4 a3 42. Kd5 Kd7 43. e5 fxe5 44. Kxe5 a2 45. f6 Rf1 46. Ke4
Rxf6 47. Ke5 a1=Q+ 48. Kd5 Qa5+ 49. Ke4 Rb6 50. Kf3 Qa4 51. Ke3 Rb3+ 52. Kd2
Qa2+ 53. Kc1 Rb1# 0-1

[Event "AUTO-OPEN-4587"]
[Site "http://www.queenalice.com/game.php?id=1855403"]
[Date "2025.4.11"]
[Round "1"]
[White "SGF"]
[Black "askasl159"]
[Result "0-1"]
[WhiteElo "1839"]
[BlackElo "1926"]

1. e4 e5 2. Qf3 Nf6 3. d3 h6 4. Be2 d6 5. Qg3 Nc6 6. c3 Be6 7. a4 a6 8. a5 d5 9.
h4 dxe4 10. dxe4 Nxe4 11. Qe3 Nc5 12. c4 Qd4 13. Qxd4 Nxd4 14. Na3 Ncb3 15. Rb1
Bxa3 16. bxa3 O-O 17. Nf3 Nxe2 18. Kxe2 Bxc4+ 19. Ke3 Rad8 20. Nxe5 Be6 21. Nd3
Rd7 22. Nf4 Rfd8 23. Nxe6 Rd3+ 24. Ke4 fxe6 25. Bf4 Nc5+ 26. Ke5 R8d5# 0-1

[Event "Challenge"]
[Site "http://www.queenalice.com/game.php?id=1855507"]
[Date "2025.4.13"]
[Round "-"]
[White "Mr_SPOCK"]
[Black "SGF"]
[Result "0-1"]
[WhiteElo "1755"]
[BlackElo "1849"]

1. e4 e5 2. Qh5 Qf6 3. Nc3 c6 4. d3 g6 5. Qh3 Na6 6. Bd2 Nb4 7. O-O-O Qxf2 8.
Nge2 d6 9. g4 h5 10. Be3 Qf6 11. d4 Bxg4 12. Qg3 Qf3 13. Qxf3 Bxf3 14. dxe5 Bxh1
15. Ng3 Bf3 16. Rd2 dxe5 17. a3 Na6 18. Be2 Bg4 19. h3 Bxh3 20. b4 c5 21. b5 Nc7
22. a4 b6 23. Bg5 f6 24. Be3 a5 25. bxa6 Nxa6 26. Bb5+ Kf7 27. Bc4+ Kg7 28. a5
Nb4 29. axb6 h4 30. Nh1 Bg2 31. Nf2 h3 32. Rd1 h2 33. Kd2 Rb8 34. Na4 f5 35.
exf5 gxf5 36. c3 f4 37. Bxf4 exf4 38. Nh1 Rd8+ 39. Kc1 Rxd1+ 40. Kxd1 Bxh1 41.
Ke2 Bb7 42. cxb4 cxb4 43. Kd3 h1=Q 44. Kd4 Qc6 45. Bf1 Qxa4 46. Bd3 b3+ 47. Ke5
Rh5+ 48. Bf5 Ne7 49. Kd6 Rxf5 50. Kc7 Qc6+ 51. Kb8 Qc8+ 52. Ka7 Ra5# 0-1

[Event "AUTO-OPEN-4588"]
[Site "http://www.queenalice.com/game.php?id=1855646"]
[Date "2025.4.16"]
[Round "1"]
[White "SGF"]
[Black "mArViNh"]
[Result "0-1"]
[WhiteElo "1743"]
[BlackElo "1687"]

1. e4 c5 2. Qf3 e6 3. c4 d6 4. a4 Nc6 5. Ne2 Nf6 6. d3 Be7 7. Bg5 O-O 8. Qg3 h6
9. Bxf6 Bxf6 10. a5 Bxb2 11. Ra2 Bf6 12. h4 b5 13. cxb5 Ne5 14. Nbc3 Bd7 15. f4
Ng6 16. h5 Ne7 17. Kd2 Rb8 18. f5 Bxb5 19. Nxb5 Rxb5 20. fxe6 fxe6 21. Nc3 Bxc3+
22. Kxc3 Rxa5 23. Kb2 Qb6+ 24. Ka1 Rb8 25. Qe1 Qb2# 0-1

[Event "AUTO-OPEN-4588"]
[Site "http://www.queenalice.com/game.php?id=1855647"]
[Date "2025.4.16"]
[Round "1"]
[White "mArViNh"]
[Black "SGF"]
[Result "0-1"]
[WhiteElo "1742"]
[BlackElo "1710"]

1. d4 e6 2. c4 Qf6 3. e3 Bb4+ 4. Nc3 a5 5. Nf3 d6 6. Bd2 Ne7 7. Be2 Qg6 8. O-O
h5 9. a3 Bxc3 10. Bxc3 h4 11. Bd3 f5 12. h3 b6 13. b4 axb4 14. Bxb4 Bb7 15. Be2
Nec6 16. Rb1 Nxb4 17. axb4 Be4 18. Bd3 Bxf3 19. Qxf3 Ra3 20. Be2 c6 21. Rfd1 O-O
22. b5 c5 23. dxc5 bxc5 24. Rxd6 f4 25. Qg4 Qxb1+ 26. Kh2 Ra1 27. Rd1 Qb2 28.
Rxa1 Qxa1 29. Qxe6+ Rf7 30. exf4 Qf6 31. Qxf6 Rxf6 32. g3 hxg3+ 33. fxg3 g5 34.
Bf3 gxf4 0-1

[Event "AUTO-OPEN-4588"]
[Site "http://www.queenalice.com/game.php?id=1855650"]
[Date "2025.4.16"]
[Round "1"]
[White "SGF"]
[Black "josebaron"]
[Result "0-1"]
[WhiteElo "1801"]
[BlackElo "2176"]

1. e4 e5 2. Qf3 Nc6 3. c3 Nf6 4. Be2 Bc5 5. d3 d6 6. Qg3 a5 7. Bf3 a4 8. b4 axb3
9. a4 Be6 10. Qxg7 Rg8 11. Qh6 Rg6 12. Qh4 Bg4 13. Bg5 Bxf3 14. gxf3 Bxf2+ 15.
Kxf2 Rxg5 16. Qxg5 Nxe4+ 17. dxe4 Qxg5 18. h4 Qc1 19. Kg2 Qb2+ 20. Kg3 Qxa1 21.
Ne2 Rxa4 22. Kg2 Qb2 23. Rc1 Qxe2+ 24. Kg3 Rxe4 25. fxe4 Qe3+ 26. Kg4 Qxc1 27.
h5 Qxb1 28. Kf5 Qg1 29. Kf6 h6 30. c4 Qg5# 0-1

[Event "AUTO-OPEN-4588"]
[Site "http://www.queenalice.com/game.php?id=1855651"]
[Date "2025.4.16"]
[Round "1"]
[White "josebaron"]
[Black "SGF"]
[Result "1-0"]
[WhiteElo "2177"]
[BlackElo "1799"]

1. e4 e5 2. Nf3 Qf6 3. Nc3 c6 4. Bc4 b5 5. Bb3 a5 6. a4 b4 7. Ne2 h6 8. h3 g5 9.
d4 d6 10. Ng3 Qe7 11. d5 c5 12. Be3 g4 13. hxg4 Bxg4 14. Qd3 Bxf3 15. gxf3 Nf6
16. Nf5 Qd7 17. Bc4 h5 18. Bb5 Rh7 19. Bxd7+ Nbxd7 20. Qb5 Be7 21. Qb7 Rb8 22.
Qc7 Kf8 23. Nxe7 Kxe7 24. Bg5 Rhh8 25. Bxf6+ Kxf6 26. Qxd6+ Kg5 27. Qxd7 Rbd8
28. Qf5+ Kh6 29. Rxh5+ Kg7 30. Qg5+ Kf8 31. Rxh8# 1-0

[Event "AUTO-ADV-4859"]
[Site "http://www.queenalice.com/game.php?id=1855708"]
[Date "2025.4.17"]
[Round "1"]
[White "SGF"]
[Black "silverado"]
[Result "1/2-1/2"]
[WhiteElo "1696"]
[BlackElo "2047"]

1. e4 e5 2. Qf3 Nc6 3. c3 Nf6 4. d3 h6 5. Be2 Bc5 6. Qg3 g6 7. h4 d6 8. h5 g5 9.
b4 Bb6 10. a4 a5 11. b5 Na7 12. Be3 c6 13. bxc6 bxc6 14. Nd2 Bxe3 15. Qxe3 Ba6
16. Nb3 Qc7 17. Nf3 Ng4 18. Qd2 Qb6 19. Bd1 d5 20. Nh2 Nf6 21. Nf3 dxe4 22. Nxe5
exd3 23. Qe3 Qxe3+ 24. fxe3 Ne4 25. Bf3 f5 26. O-O-O Nf2 27. Nxc6 Nxd1 28. Rxd1
Kf8 29. Ne5 Rd8 30. Ng6+ Kg7 31. Nxh8 Kxh8 32. Nc5 Bc4 33. g4 f4 34. exf4 gxf4
35. Be4 Nc8 36. Bxd3 Bxd3 37. Nxd3 f3 38. Ne5 Rxd1+ 39. Kxd1 Nb6 40. Nxf3 Nxa4
41. c4 Nb2+ 42. Kc2 Nxc4 43. Kb3 Ne3 44. g5 hxg5 45. Nxg5 Kg7 46. Ka4 Nc4 47.
Kb5 Kh6 48. Nf7+ Kxh5 49. Kxc4 a4 50. Kb4 a3 51. Kxa3 Kg4 1/2-1/2

[Event "Challenge"]
[Site "http://www.queenalice.com/game.php?id=1855736"]
[Date "2025.4.17"]
[Round "-"]
[White "jogo"]
[Black "SGF"]
[Result "1-0"]
[WhiteElo "1891"]
[BlackElo "1797"]

1. e4 e5 2. Nf3 Qf6 3. d4 Bb4+ 4. c3 Ba5 5. Bg5 Qd6 6. Nxe5 f6 7. Qh5+ g6 8.
Nxg6 fxg5 9. Nxh8+ Ke7 10. Qf7+ Kd8 11. Qxg8+ Ke7 12. Qxc8 Qc6 13. d5 Qb6 14. b4
Bxb4 15. cxb4 Qxb4+ 16. Nd2 Qb6 17. Rb1 Qxb1+ 18. Nxb1 Na6 19. Qxa8 Nc5 20. Nc3
a6 21. Qg8 d6 22. Qxg5+ Kd7 23. g3 b5 24. Bh3+ Ke8 25. Qg8+ Ke7 26. Qf7+ Kd8 27.
Qf8# 1-0

[Event "Challenge"]
[Site "http://www.queenalice.com/game.php?id=1855737"]
[Date "2025.4.17"]
[Round "-"]
[White "SGF"]
[Black "jogo"]
[Result "0-1"]
[WhiteElo "1850"]
[BlackElo "1835"]

1. d4 Nf6 2. f3 d5 3. Bg5 h6 4. Bxf6 exf6 5. e3 Bb4+ 6. c3 Bd6 7. Qa4+ Bd7 8.
Qb3 O-O 9. h3 Qe7 10. Ke2 Bf4 11. e4 dxe4 12. Qxb7 exf3+ 13. Kf2 Qe3# 0-1